| 000 | 00834pam a2200277 i 4500 | ||
|---|---|---|---|
| 999 |
_c3849 _d3849 |
||
| 001 | 2719935 | ||
| 003 | OSt | ||
| 005 | 20220218081823.0 | ||
| 008 | 770303s1978 mdua b 001 0 eng | ||
| 010 | _a 77003357 | ||
| 020 | _a0683059021 | ||
| 040 |
_aDLC _cALUPE UNIVERSITY _dDLC |
||
| 050 | 0 | 0 |
_aRC46 _b.F35 1978 |
| 060 | _aW89 F198 | ||
| 082 | 0 | 0 | _a616 |
| 245 | 0 | 0 |
_aFamily medicine : _bprinciples and applications / _cedited by Jack H. Medalie. |
| 260 |
_aBaltimore : _bWilliams & Wilkins Co., _cc1978. |
||
| 300 |
_axviii, 372 p. : _bill ; _c26 cm. |
||
| 504 | _aIncludes bibliographical references and indexes. | ||
| 650 | 0 | _aFamily medicine. | |
| 650 | 2 | _aGeneral practice. | |
| 650 | 2 | _aPhysicians, Family. | |
| 700 | 1 | _aMedalie, Jack H. | |
| 906 |
_a7 _bcbc _corignew _d1 _eocip _f19 _gy-gencatlg |
||
| 942 |
_2lcc _cBK _nBA |
||